| 000 | 00664nam a2200205Ia 4500 | ||
|---|---|---|---|
| 003 | OSt | ||
| 005 | 20250730151631.0 | ||
| 008 | 210210b2003 xxu||||| |||| 00| 0 eng d | ||
| 040 | _cAL | ||
| 041 | _aKannada | ||
| 082 | _aK894.9 GURM | ||
| 100 |
_aGURULINGA KAPASE. _dಗುರುಲಿಂಗ ಕಪಾಸೆ _9233587 |
||
| 245 |
_aMadhurachenna baduku baraha chintane. _b ಮಧುರಚೆನ್ನ ಬದುಕು ಬರಹ ಚಿಂತನೆ. |
||
| 260 |
_aBengaluru _bKarnataka Sahitya Akademi _c2003 |
||
| 300 | _a127 | ||
| 650 |
_aMadhurachenna Gurulinga Kapase _9233588 |
||
| 690 |
_aKannada Criticism _9233589 |
||
| 906 | _aSG04218 | ||
| 942 |
_2ddc _cBK |
||
| 999 |
_c114638 _d114638 |
||